| 000 | 00398nam a2200169Ia 4500 | ||
|---|---|---|---|
| 008 | 210210b1999 xxu||||| |||| 00| 0 eng d | ||
| 020 | _a0 333 93343 5 | ||
| 082 | _a659.1 JEFA | ||
| 100 | _aJEFKINS (Frank). | ||
| 245 | _aAdvertising. | ||
| 250 | _a | ||
| 260 |
_aLondon _bMacmillan Press Ltd _c1999 |
||
| 300 | _avii,374 | ||
| 650 | _aAdvertising | ||
| 690 | _aAdvertising | ||
| 906 | _a055944 | ||
| 999 |
_c103627 _d103627 |
||